<?xml version="1.0" encoding="UTF-8"?><?xml-stylesheet type="text/xsl" href="static/style.xsl"?><OAI-PMH xmlns="http://www.openarchives.org/OAI/2.0/" xmlns:xsi="http://www.w3.org/2001/XMLSchema-instance" xsi:schemaLocation="http://www.openarchives.org/OAI/2.0/ http://www.openarchives.org/OAI/2.0/OAI-PMH.xsd"><responseDate>2026-04-14T04:39:45Z</responseDate><request verb="GetRecord" identifier="oai:www.recercat.cat:10230/23572" metadataPrefix="marc">https://recercat.cat/oai/request</request><GetRecord><record><header><identifier>oai:recercat.cat:10230/23572</identifier><datestamp>2025-12-26T11:29:49Z</datestamp><setSpec>com_2072_6</setSpec><setSpec>col_2072_452952</setSpec></header><metadata><record xmlns="http://www.loc.gov/MARC21/slim" xmlns:dcterms="http://purl.org/dc/terms/" xmlns:xsi="http://www.w3.org/2001/XMLSchema-instance" xmlns:doc="http://www.lyncode.com/xoai" xsi:schemaLocation="http://www.loc.gov/MARC21/slim http://www.loc.gov/standards/marcxml/schema/MARC21slim.xsd">
   <leader>00925njm 22002777a 4500</leader>
   <datafield ind2=" " ind1=" " tag="042">
      <subfield code="a">dc</subfield>
   </datafield>
   <datafield ind2=" " ind1=" " tag="720">
      <subfield code="a">Balbás Martínez, Cristina</subfield>
      <subfield code="e">author</subfield>
   </datafield>
   <datafield ind2=" " ind1=" " tag="720">
      <subfield code="a">Rodríguez Pinilla, María</subfield>
      <subfield code="e">author</subfield>
   </datafield>
   <datafield ind2=" " ind1=" " tag="720">
      <subfield code="a">Casanova, Ariel</subfield>
      <subfield code="e">author</subfield>
   </datafield>
   <datafield ind2=" " ind1=" " tag="720">
      <subfield code="a">Domínguez, Orlando</subfield>
      <subfield code="e">author</subfield>
   </datafield>
   <datafield ind2=" " ind1=" " tag="720">
      <subfield code="a">Pisano, David G.</subfield>
      <subfield code="e">author</subfield>
   </datafield>
   <datafield ind2=" " ind1=" " tag="720">
      <subfield code="a">Gómez López, Gonzalo</subfield>
      <subfield code="e">author</subfield>
   </datafield>
   <datafield ind2=" " ind1=" " tag="720">
      <subfield code="a">Lloreta, Josep, 1958-</subfield>
      <subfield code="e">author</subfield>
   </datafield>
   <datafield ind2=" " ind1=" " tag="720">
      <subfield code="a">Lorente Garin, José Antonio</subfield>
      <subfield code="e">author</subfield>
   </datafield>
   <datafield ind2=" " ind1=" " tag="720">
      <subfield code="a">Malats i Riera, Núria</subfield>
      <subfield code="e">author</subfield>
   </datafield>
   <datafield ind2=" " ind1=" " tag="720">
      <subfield code="a">Real, Francisco X.</subfield>
      <subfield code="e">author</subfield>
   </datafield>
   <datafield ind2=" " ind1=" " tag="260">
      <subfield code="c">2015-05-13T10:42:02Z</subfield>
   </datafield>
   <datafield ind2=" " ind1=" " tag="260">
      <subfield code="c">2015-05-13T10:42:02Z</subfield>
   </datafield>
   <datafield ind2=" " ind1=" " tag="260">
      <subfield code="c">2013</subfield>
   </datafield>
   <datafield ind2=" " ind1=" " tag="520">
      <subfield code="a">Urothelial bladder cancer (UBC) is heterogeneous at the clinical, pathological, genetic, and epigenetic levels. Exome sequencing has identified ARID1A as a novel tumor suppressor gene coding for a chromatin remodeling protein that is mutated in UBC. Here, we assess ARID1A alterations in two series of patients with UBC. In the first tumor series, we analyze exons 2–20 in 52 primary UBC and find that all mutant tumors belong to the aggressive UBC phenotype (high grade non-muscle invasive and muscle invasive tumors) (P = 0.05). In a second series (n = 84), we assess ARID1A expression using immunohistochemistry, a surrogate for mutation analysis, and find that loss of expression increases with higher stage/grade, it is inversely associated with FGFR3 overexpression (P = 0.03) but it is not correlated with p53 overexpression (P = 0.30). We also analyzed the expression of cytokeratins in the same set of tumor and find, using unsupervised clustering, that tumors with ARID1A loss of expression are generally KRT5/6-low. In this patient series, loss of ARID1A expression is also associated with worse prognosis, likely reflecting the higher prevalence of losses found in tumors of higher stage and grade. The independent findings in these two sets of patients strongly support the notion that ARID1A inactivation is a key player in bladder carcinogenesis occurring predominantly in FGFR3 wild type tumors.</subfield>
   </datafield>
   <datafield ind2=" " ind1=" " tag="520">
      <subfield code="a">This  work  was  supported  in  part  by  grant  Consolider  ONCOBIO  from  Ministerio  de  Economía  y  Competitividad,  Spain;  grants  00/0745,  PI051436, PI061614,  G03/174  and  Red  Temática  de  Investigación  Cooperativa  en  Cáncer  (grant  RD06/0020-RTICC)  from  Instituto  de  Salud  Carlos  III;  Asociación  Española Contra el Cáncer; and EU FP7 grant agreement numbers 201663 (UROMOL) and 201333 (DECANBIO). CBM is recipient of a La Caixa International PhD Fellowship</subfield>
   </datafield>
   <datafield tag="653" ind2=" " ind1=" ">
      <subfield code="a">Fetge -- Càncer</subfield>
   </datafield>
   <datafield tag="653" ind2=" " ind1=" ">
      <subfield code="a">Proteïnes</subfield>
   </datafield>
   <datafield ind2="0" ind1="0" tag="245">
      <subfield code="a">ARID1A alterations are associated with FGFR3-wild type, poor-prognosis, urothelial bladder tumors</subfield>
   </datafield>
</record></metadata></record></GetRecord></OAI-PMH>